000 00536nam a2200181Ia 4500
003 GCL
008 140319s9999 xx 000 0 ara d
020 _a4198286977
040 _aGCL /
_cGCL
082 0 4 _a819.9
_bع ع
100 1 _aعباس محمود العقاد
245 1 0 _aعبقرية خالد /
_cعباس محمود العقاد
260 _aالقاهرة :
_bنهضة مصر للطباعة والنشر والتوزيع
300 _a169 ص ؛
_c24 سم
490 _a
650 0 4 _aالاسلام
942 _2ddc
_cBK
999 _c53896
_d53896